| 000 | 00511nam a2200181 a 4500 | ||
|---|---|---|---|
| 005 | 20140310183254.0 | ||
| 008 | 041023s19uu xx 00 eng d | ||
| 020 | _a1582551219 | ||
| 050 |
_aRC 683.5 _b.R287 2001 |
||
| 245 | _aReading ECG rhythm strips workbook / | ||
| 260 |
_bSpringhouse Corporation, _c2001. |
||
| 300 |
_a140 p. : _bill. ; _c17 cm. |
||
| 521 | _aNUR | ||
| 650 |
_aElectrocardiography _xInterpretation. |
||
| 650 |
_aHeart diseases _xDiagnosis. |
||
| 942 |
_cBK _2lcc _kFOR |
||
| 999 |
_c20830 _d20830 |
||